000 00683nam a22002172 4500
001 0000001019
005 20151217151803.0
008 070223s xx 000 0 eng d
020 _a0830822941 :
_cKES 350
040 _aKABU
_cKABU
050 0 _aBT1200
_b.J64
100 1 _aJohnson, Philip E.
_@0000149511
245 1 4 _aThe Right questions :
_btruth, meaning and public debate /
_cPhilip E. Johnson.
260 _aDowners Grove, Ill. :
_bInter Varsity Press,
_c2002.
300 _a191 p.
650 0 _aApologetics.
_@0000149151
650 0 _aNaturalism
_xReligious aspects.
_@0000149512
908 _a070223
950 _@1
999 _c5029
_d5029